Beneficios y costos de la integración económica en Centroamérica; resumen
Cálculo de la magnitud y la distribución de los beneficios y costos de la integración centroamericana, incluye economías de escala, costo social del trabajo y ahorro de divisas./ALLV
Gorde:
| Egile nagusia: | |
|---|---|
| Formatua: | Texto |
| Argitaratua: |
Guatemala:
SIECA
|
| Gaiak: | |
| Etiketak: |
Etiketa erantsi
Etiketarik gabe, Izan zaitez lehena erregistro honi etiketa jartzen!
|
MARC
| LEADER | 00000 a a2200000 04500 | ||
|---|---|---|---|
| 001 | 19730 | ||
| 003 | |||
| 040 | |||
| 090 | |a 079200 | ||
| 100 | 1 | |a Cline, William R. | |
| 245 | |a Beneficios y costos de la integración económica en Centroamérica; resumen | ||
| 260 | |a Guatemala: |b SIECA | ||
| 300 | |a 24 p. | ||
| 500 | |a Para la versión original véase "Benefits and Costs of Economic Integration in Central America" | ||
| 520 | |a Cálculo de la magnitud y la distribución de los beneficios y costos de la integración centroamericana, incluye economías de escala, costo social del trabajo y ahorro de divisas./ALLV | ||
| 650 | |a INTEGRACION ECONOMICA | ||
| 650 | |a ANALISIS COSTO |z -BENEFICIO | ||
| 999 | |c 14915 |d 14915 | ||
